000 00323nam a22001337a 4500
020 _a978-0-273-78604-7
082 _a332.456
100 _aCopeland, Laurence
245 _aExchange Rates and International Finance
250 _a6th
260 _aHarlow:
_bPearson,
_c2014
300 _axii, 573p.: ill.; 25cm
942 _cBK
999 _c22149
_d22149